000 00347nam a2200145Ia 4500
008 230917s9999||||xx |||||||||||||| ||und||
040 _e57772
_aMAIN
041 _aEnglish
082 _a823.8 E95B
100 _aEdwards, Paul, ed
245 0 _aBest sports stories
260 _aLondon
_bFabar and Faber
_c1966
300 _a223 p.
942 _cBK
999 _c185801
_d185801